Perché l'uomo : scritti inediti di antropologia e filosofia /
I tiakina i:
| Kaituhi matua: | |
|---|---|
| Ētahi atu kaituhi: | |
| Hōputu: | Pukapuka |
| Reo: | Itāriana |
| I whakaputaina: |
\Milano! :
Leonardo,
1995
|
| Ngā marau: | |
| Ngā Tūtohu: |
Kāore He Tūtohu, Me noho koe te mea tuatahi ki te tūtohu i tēnei pūkete!
|
MARC
| LEADER | 00000nam a22000007i 4500 | ||
|---|---|---|---|
| 001 | IT\ICCU\REA\0034941 | ||
| 003 | ItRI | ||
| 005 | 20250904212645.0 | ||
| 008 | 950711s1995 it |||||| ||||| |||||c | ||
| 020 | |a 8804399422 | ||
| 040 | |b ita |c ct | ||
| 041 | 7 | |a ita |2 ISO-639-2 | |
| 082 | |a 128 |2 20 | ||
| 100 | 0 | |a Ioannes Paulus II |c (papa) |0 IT\ICCU\CFIV\000007 |4 aut | |
| 245 | 1 | 0 | |a Perché l'uomo : |b scritti inediti di antropologia e filosofia / |c Józef Wojtyła ; invito alla lettura di Massimo Serretti. |
| 260 | |a \Milano! : |b Leonardo, |c 1995 | ||
| 300 | |a 318 p. ; |c 22 cm. | ||
| 650 | 7 | |a Uomo | |
| 700 | 1 | |a Serretti, Massimo |0 IT\ICCU\CFIV\045893 | |
| 942 | |2 ddc |c BK | ||
| 952 | |0 0 |1 0 |2 ddc |4 0 |6 B_SFE03WOJKAPER11 |7 0 |9 6047 |a MI |b MI |d 2003-03-14 |i 4367 |l 0 |o B-SFE03-WOJKA-PER11 |p CDOM4367 |r 2025-07-13 16:28:00 |w 2025-07-13 |x DONO |y BK | ||
| 981 | 1 | |6 z01 |a i |b xxxe | |
| 982 | 1 | |6 z01 |a n | |
| 999 | |c 4828 |d 4828 | ||